000 02645nam0a2200397 4500
001 RU\NLR\BIBL_A\022438356
005 20260531082656.0
010 _a978-5-7565-0979-3
_9100
021 _aRU
_bКН-П-24-075024
_9КН-П-24-7497
035 _a(NLR Aleph) 022438356
090 _a13350197
_c13350197
100 _a20250129d2024 u y0rusy50 ca
101 0 _arus
102 _aRU
105 _aa j 000yy
181 0 _ai3
_baxxe
182 0 _an
200 1 _aРазговор о здоровье
_eсценарии занятий для внеурочной деятельности в начальной школе
_eпервый год обучения
_eметодическое пособие
_fавторы-разработчики: О. С. Гладышева, докт. биол. наук, профессор, И. Ю. Абросимова, канд. пед. наук, доцент, М. А. Нежгородова, учитель, Л. В. Никитина, учитель
_gГосударственное бюджетное образовательное учреждение дополнительного профессионального образования "Нижегородский институт развития образования"
203 _aТекст
_bвизуальный
_cнепосредственный
210 _aНижний Новгород
_cНИРО
_d2024
215 _a94, [1] с.
_cил.
_d20
225 1 _aРеализация направления "Здоровый образ жизни"
300 _aАвт. указаны на обороте тит. с.
320 _aБиблиогр.: с. 90–91 (9 назв.)
606 1 _aДети младшего школьного возраста
_jМетодические пособия
_xВоспитание здорового образа жизни
_92526441
_3RU\NLR\AUTH\661496737
686 1 _aЧ421.354.1,01я8
701 1 _aГладышева
_bО. С.
_gОльга Семеновна
701 1 _7ca
_8rus
_aАбросимова
_bИ. Ю.
_cканд. пед. наук
_gИрина Юрьевна
_3RU\NLR\AUTH\770139797
_9139762
701 1 _aНежгородова
_bМ. А.
701 1 _aНикитина
_bЛ. В.
_cпедагог, начальное образование
_f1971-
_gЛариса Владимировна
_92649962
_3RU\NLR\AUTH\770277995
712 0 2 _4475
_aНижегородский институт развития образования
_9310242
_3RU\NLR\AUTH\8818507
942 _cBOOK
980 _aNB